| 000 | 00375nam a2200145Ia 4500 | ||
|---|---|---|---|
| 008 | 230917s9999||||xx |||||||||||||| ||und|| | ||
| 040 |
_e114863 _aMAIN |
||
| 041 | _aEnglish | ||
| 082 | _a824.09 R895S | ||
| 100 | _aRay, Mohit K, ed. | ||
| 245 | 0 | _aSalman Kushdie: Critical essays | |
| 260 |
_aNew Delhi _bAtlantic Publishers _c2006 |
||
| 300 | _aviii, 179 p. | ||
| 942 | _cBK | ||
| 999 |
_c140701 _d140701 |
||